TOP MAMMALS Quiz Stats

Quiz not verified by Sporcle

Challenge
Share
Tweet
Embed
Score 0/28 Timer 08:00
0 Plays Today
Answer % Correct
BROWN BEAR
86.6%
BLACK BEAR
84.1%
COUGAR
81.7%
MOOSE
80.5%
BISON
76.8%
POLAR BEAR
75.6%
ELK
69.5%
GRAY WOLF
64.6%
WHITE-TAILED DEER
61%
COYOTE
61%
RED WOLF
57.3%
MULE DEER
56.1%
RED FOX
56.1%
CARIBOU
53.7%
Answer % Correct
BOBCAT
50%
ARCTIC WOLF
50%
MEXICAN WOLF
50%
GRAY FOX
50%
BADGER
48.8%
LYNX
48.8%
WILD HORSE
47.6%
BEAVER
46.3%
JAGUAR
45.1%
WOLVERINE
43.9%
PRONGHORN
30.5%
BIGHORN SHEEP
28%
MUSK OX
26.8%
OCELOT
18.3%

You're not logged in!

Compare scores with friends on all Sporcle quizzes.
Sign Up with Email
OR
Log In

You Might Also Like...

Show Comments

Extras

Top Quizzes Today


Score Distribution

Your Account Isn't Verified!

In order to create a playlist on Sporcle, you need to verify the email address you used during registration. Go to your Sporcle Settings to finish the process.